| 000 | 00729 a22002175i 4500 | ||
|---|---|---|---|
| 999 |
_c7785 _d7785 |
||
| 001 | 991061035533606706 | ||
| 003 | OSt | ||
| 005 | 20231010122800.0 | ||
| 008 | AAMMDD----- ---|||||-|||||-|| -----|c | ||
| 020 | _a9788412362381 | ||
| 040 |
_aCDMR _bcat _cCDMR |
||
| 100 |
_94888 _aHameida, Ebbaba |
||
| 245 |
_aHistorias contadas al oído _c/ conversación entre Ebbaba Hameida y Nicolás Castellano ; ilustraciones de Cinta Fosch |
||
| 260 |
_aBarcelona : _bRevista 5W , _c2023 |
||
| 300 |
_a141 p. _c; 16 cm |
||
| 490 |
_aVoces 5W _v; 8 |
||
| 650 | 0 |
_93678 _aCorresponsals de guerra _vRelats personals |
|
| 650 | 0 |
_94890 _aMigració forçosa _xCobertura periodística |
|
| 700 |
_94889 _aCastellano, Nicolás |
||
| 942 |
_2udc _cMON |
||